<?xml version="1.0" encoding="UTF-8"?>
<record
    xmlns:xsi="http://www.w3.org/2001/XMLSchema-instance"
    xsi:schemaLocation="http://www.loc.gov/MARC21/slim http://www.loc.gov/standards/marcxml/schema/MARC21slim.xsd"
    xmlns="http://www.loc.gov/MARC21/slim">

  <leader>01111nam a2200205 a 4500</leader>
  <controlfield tag="008">171103e2016    ag ||||g |||| 00| j spa d</controlfield>
  <datafield tag="020" ind1=" " ind2=" ">
    <subfield code="a">9789874621825</subfield>
  </datafield>
  <datafield tag="041" ind1=" " ind2=" ">
    <subfield code="a">spa</subfield>
  </datafield>
  <datafield tag="092" ind1=" " ind2=" ">
    <subfield code="c">808</subfield>
    <subfield code="l">71</subfield>
    <subfield code="s">QUI</subfield>
  </datafield>
  <datafield tag="100" ind1="1" ind2=" ">
    <subfield code="a">Quir&#xF3;s, Mariano</subfield>
    <subfield code="9">3321</subfield>
  </datafield>
  <datafield tag="245" ind1=" " ind2="3">
    <subfield code="a">La luz mala dentro de m&#xED; /</subfield>
    <subfield code="c">Mariano Quir&#xF3;s</subfield>
  </datafield>
  <datafield tag="250" ind1=" " ind2=" ">
    <subfield code="a">1a ed.</subfield>
  </datafield>
  <datafield tag="260" ind1=" " ind2=" ">
    <subfield code="a">Buenos Aires:</subfield>
    <subfield code="b">Factotum;</subfield>
    <subfield code="c">2016.</subfield>
  </datafield>
  <datafield tag="300" ind1=" " ind2=" ">
    <subfield code="a">142 p.</subfield>
  </datafield>
  <datafield tag="500" ind1=" " ind2=" ">
    <subfield code="a">Quir&#xF3;s, M. (2016). La luz mala dentro de m&#xED;. (1a ed.). Buenos Aires : Factotum.</subfield>
  </datafield>
  <datafield tag="505" ind1=" " ind2=" ">
    <subfield code="a">El amor de familia es un amor equilibrista, un amor extremo. Los personajes que habitan los cuentos de La luz mala dentro de m&#xED; est&#xE1;s pose&#xED;dos por ese amor y se dejan arrastrar por &#xE9;l. Y as&#xED; es como perciben el mundo. Desde el encuentro de un chico y su abuelo con la luz mala, a dos hermanos enfermos de literatura; desde la retorcida caza de un tapir, al derrotero de una familia de lobisones. Y de fondo, el paisaje chaque&#xF1;o, a veces amigo y a veces -casi siempre- simple y llana amenaza. </subfield>
  </datafield>
  <datafield tag="590" ind1=" " ind2=" ">
    <subfield code="a">Donacion Fondo Nacional de las Artes Oct2017</subfield>
  </datafield>
  <datafield tag="655" ind1=" " ind2=" ">
    <subfield code="a">Literatura</subfield>
    <subfield code="9">2917</subfield>
  </datafield>
  <datafield tag="942" ind1=" " ind2=" ">
    <subfield code="2">ddc</subfield>
    <subfield code="c">LIT</subfield>
  </datafield>
  <datafield tag="999" ind1=" " ind2=" ">
    <subfield code="c">2545</subfield>
    <subfield code="d">2545</subfield>
  </datafield>
  <datafield tag="952" ind1=" " ind2=" ">
    <subfield code="0">0</subfield>
    <subfield code="1">0</subfield>
    <subfield code="2">ddc</subfield>
    <subfield code="4">0</subfield>
    <subfield code="7">0</subfield>
    <subfield code="a">BFM</subfield>
    <subfield code="b">BFM</subfield>
    <subfield code="c">CR</subfield>
    <subfield code="d">2017-11-03</subfield>
    <subfield code="e">Donacion</subfield>
    <subfield code="l">2</subfield>
    <subfield code="o">808;71;QUI</subfield>
    <subfield code="p">4007</subfield>
    <subfield code="r">2018-05-23</subfield>
    <subfield code="s">2018-05-09</subfield>
    <subfield code="t">Ej. 1</subfield>
    <subfield code="w">2017-11-03</subfield>
    <subfield code="y">LIT</subfield>
    <subfield code="z">Donacion Fondo Nacional de las Artes Oct2017</subfield>
  </datafield>
</record>
